000 00472nam a2200181Ia 4500
001 19237
005 20260306171729.0
008 260306s9999||||xx |||||||||||||| ||und||
041 _aESP
082 _a658.81
_bR53
100 _aRichardson, Linda
_eAUT
245 0 _aSales coaching:
_bmaking the great leap from sales manager to sales coach
260 _c1996
300 _axv, 130 páginas :
_c23 cm.
650 _aGEN
654 _aCAN
942 _cLIB
_dJUS
_fJUS
_2ddc
_n
999 _c19237
_d19237